000 01066nam a22002777a 4500
003 dpl
005 20180711164721.0
008 180711b xxu||||| |||| 00| 0 eng d
010 _aA-611088
020 _c40.00
035 _aA-611088, A-611115
037 _bCen Lib/Ret
040 _aDPL
_bHN
_c0
082 _a
_bशुक्लक
100 _aशुक्ल, कमल
_962093
245 _aकामरू की पद्मिनी /
_cकमल शुक्ल
246 _aKamru ki padmini /
_bby Kamal Shukla
260 _aदिल्ली
_bआधुनिक प्रकाशन
_c1992
270 _bदिल्ली
_a4 बी/6, गुरुद्वारा मौहल्ला पूरी गली-7, मौजपुर
_e110053
300 _a95पृ.
_c17सेमी(सजिल्द)
650 _aहिन्दी साहित्य
_962094
650 _aउपन्यास
_962095
650 _aHindi literature
_962096
650 _aFiction
_98901
942 _2ddc
_cHN
_h
_mशुक्लक
999 _c115508
_d115508